[Event "April 9 Late 2024"]
[Site "Chess.com"]
[Date "2024.04.09"]
[Round "5"]
[White "Troff, Kayden"]
[Black "Skatchkov, Valery"]
[Result "1-0"]
[Board "37"]
[WhiteFideId "2047896"]
[BlackFideId "24195812"]
[WhiteTitle "GM"]
[BlackTitle "FM"]
[WhiteElo "2865"]
[BlackElo "2666"]
[WhiteTeam "USA"]
[BlackTeam "RUS"]
[WhiteClock "0:00:19"]
[BlackClock "0:00:05"]
[Variant "Standard"]

1. d4 {[%clk 0:03:00]}  d5 {[%clk 0:02:58]} 2. Nf3 {[%clk 0:03:00]}  Nf6 {[%clk 0:02:58]} 3. Bf4 {[%clk 0:03:00]}  c5 {[%clk 0:02:58]} 4. e3 {[%clk 0:03:00]}  Nc6 {[%clk 0:02:58]} 5. Nc3 {[%clk 0:03:01]}  a6 {[%clk 0:02:58]} 6. dxc5 {[%clk 0:03:01]}  Qa5 {[%clk 0:02:56]} 7. Bd3 {[%clk 0:02:47]}  Qxc5 {[%clk 0:02:52]} 8. O-O {[%clk 0:02:47]}  Bg4 {[%clk 0:02:49]} 9. h3 {[%clk 0:02:44]}  Bh5 {[%clk 0:02:48]} 10. Be2 {[%clk 0:02:35]}  e6 {[%clk 0:02:44]} 11. a3 {[%clk 0:02:30]}  Rd8 {[%clk 0:02:36]} 12. Na4 {[%clk 0:02:10]}  Qa5 {[%clk 0:02:33]} 13. c3 {[%clk 0:02:10]}  Bd6 {[%clk 0:02:30]} 14. Bxd6 {[%clk 0:02:04]}  Rxd6 {[%clk 0:02:29]} 15. c4 {[%clk 0:01:58]}  O-O {[%clk 0:02:18]} 16. b4 {[%clk 0:01:52]}  Qc7 {[%clk 0:02:14]} 17. c5 {[%clk 0:01:51]}  Rdd8 {[%clk 0:02:13]} 18. Nd4 {[%clk 0:01:48]}  Bxe2 {[%clk 0:02:09]} 19. Qxe2 {[%clk 0:01:49]}  e5 {[%clk 0:02:07]} 20. Nf5 {[%clk 0:01:43]}  Rfe8 {[%clk 0:01:41]} 21. Nb6 {[%clk 0:01:39]}  Ne4 {[%clk 0:01:36]} 22. Qg4 {[%clk 0:01:29]}  g6 {[%clk 0:01:34]} 23. Nxd5 {[%clk 0:01:21]}  Rxd5 {[%clk 0:01:24]} 24. Qxe4 {[%clk 0:01:19]}  Qd7 {[%clk 0:01:23]} 25. Nd6 {[%clk 0:01:17]}  Rxd6 {[%clk 0:01:16]} 26. cxd6 {[%clk 0:01:16]}  Qxd6 {[%clk 0:01:17]} 27. Rfd1 {[%clk 0:01:16]}  Qf6 {[%clk 0:01:15]} 28. Rac1 {[%clk 0:01:12]}  Re7 {[%clk 0:01:15]} 29. a4 {[%clk 0:01:10]}  Kg7 {[%clk 0:01:04]} 30. b5 {[%clk 0:01:01]}  axb5 {[%clk 0:01:01]} 31. axb5 {[%clk 0:01:02]}  Na5 {[%clk 0:01:00]} 32. Qb4 {[%clk 0:00:47]}  b6 {[%clk 0:00:58]} 33. Rd6 {[%clk 0:00:47]}  Re6 {[%clk 0:00:59]} 34. Rcd1 {[%clk 0:00:47]}  Nb7 {[%clk 0:00:58]} 35. Rxe6 {[%clk 0:00:45]}  Qxe6 {[%clk 0:00:58]} 36. Qd2 {[%clk 0:00:41]}  Nc5 {[%clk 0:00:52]} 37. Qd6 {[%clk 0:00:38]}  Qf5 {[%clk 0:00:43]} 38. Qxb6 {[%clk 0:00:36]}  Ne4 {[%clk 0:00:44]} 39. Rf1 {[%clk 0:00:31]}  Nd2 {[%clk 0:00:44]} 40. e4 {[%clk 0:00:26]}  Qxe4 {[%clk 0:00:20]} 41. Qe3 {[%clk 0:00:26]}  Qc2 {[%clk 0:00:19]} 42. Qxe5+ {[%clk 0:00:23]}  Kh6 {[%clk 0:00:18]} 43. Qe2 {[%clk 0:00:19]}  Qc3 {[%clk 0:00:05]} 44. Qe3+ {[%clk 0:00:19]} 1-0

[Event "April 9 Late 2024"]
[Site "Chess.com"]
[Date "2024.04.09"]
[Round "5"]
[White "Bardyk, Artem"]
[Black "Bujisho, Benjamin"]
[Result "1-0"]
[Board "41"]
[WhiteFideId "34349979"]
[BlackFideId "608610"]
[WhiteTitle "CM"]
[BlackTitle "IM"]
[WhiteElo "2838"]
[BlackElo "2631"]
[WhiteTeam "RUS"]
[BlackTeam "FRA"]
[WhiteClock "0:00:23"]
[BlackClock "0:01:05"]
[Variant "Standard"]

1. e4 {[%clk 0:03:00]}  c5 {[%clk 0:02:59]} 2. Nf3 {[%clk 0:02:58]}  d6 {[%clk 0:02:59]} 3. Nc3 {[%clk 0:02:54]}  Nf6 {[%clk 0:02:57]} 4. e5 {[%clk 0:02:54]}  dxe5 {[%clk 0:02:46]} 5. Nxe5 {[%clk 0:02:55]}  Nbd7 {[%clk 0:02:45]} 6. d4 {[%clk 0:02:54]}  e6 {[%clk 0:02:41]} 7. g3 {[%clk 0:02:50]}  a6 {[%clk 0:02:34]} 8. Bg2 {[%clk 0:02:49]}  Nxe5 {[%clk 0:02:33]} 9. dxe5 {[%clk 0:02:49]}  Qxd1+ {[%clk 0:02:34]} 10. Nxd1 {[%clk 0:02:50]}  Nd5 {[%clk 0:02:32]} 11. Ne3 {[%clk 0:02:44]}  Nxe3 {[%clk 0:02:24]} 12. Bxe3 {[%clk 0:02:45]}  Be7 {[%clk 0:02:24]} 13. O-O-O {[%clk 0:02:43]}  O-O {[%clk 0:02:22]} 14. Rd3 {[%clk 0:02:37]}  Rb8 {[%clk 0:02:20]} 15. Rhd1 {[%clk 0:02:35]}  b6 {[%clk 0:02:09]} 16. c4 {[%clk 0:02:25]}  f6 {[%clk 0:02:08]} 17. exf6 {[%clk 0:02:22]}  gxf6 {[%clk 0:02:08]} 18. Bf4 {[%clk 0:02:15]}  e5 {[%clk 0:02:04]} 19. Bh6 {[%clk 0:02:15]}  Re8 {[%clk 0:02:00]} 20. Bd5+ {[%clk 0:01:58]}  Kh8 {[%clk 0:01:59]} 21. Bf7 {[%clk 0:01:58]}  Bf5 {[%clk 0:01:58]} 22. Bxe8 {[%clk 0:01:55]}  Bxd3 {[%clk 0:01:57]} 23. Rxd3 {[%clk 0:01:56]}  Rxe8 {[%clk 0:01:57]} 24. Rd7 {[%clk 0:01:57]}  Kg8 {[%clk 0:01:52]} 25. Rb7 {[%clk 0:01:54]}  Kf7 {[%clk 0:01:49]} 26. Rxb6 {[%clk 0:01:48]}  Ra8 {[%clk 0:01:43]} 27. Be3 {[%clk 0:01:41]}  Ke8 {[%clk 0:01:31]} 28. Rb7 {[%clk 0:01:29]}  h5 {[%clk 0:01:29]} 29. Kc2 {[%clk 0:01:26]}  a5 {[%clk 0:01:27]} 30. Rb5 {[%clk 0:01:22]}  Rc8 {[%clk 0:01:22]} 31. Rxa5 {[%clk 0:01:21]}  Kf7 {[%clk 0:01:22]} 32. a4 {[%clk 0:01:14]}  h4 {[%clk 0:01:23]} 33. Ra7 {[%clk 0:01:10]}  Ke6 {[%clk 0:01:22]} 34. a5 {[%clk 0:01:09]}  f5 {[%clk 0:01:19]} 35. a6 {[%clk 0:01:08]}  Rc6 {[%clk 0:01:19]} 36. Ra8 {[%clk 0:01:03]}  h3 {[%clk 0:01:12]} 37. a7 {[%clk 0:01:00]}  Ra6 {[%clk 0:01:12]} 38. b4 {[%clk 0:00:59]}  cxb4 {[%clk 0:01:11]} 39. Rh8 {[%clk 0:00:57]}  Ra2+ {[%clk 0:01:11]} 40. Kb3 {[%clk 0:00:55]}  Ra3+ {[%clk 0:01:11]} 41. Kb2 {[%clk 0:00:55]}  f4 {[%clk 0:01:11]} 42. a8=Q {[%clk 0:00:31]}  Rxa8 {[%clk 0:01:10]} 43. Rxa8 {[%clk 0:00:31]}  fxe3 {[%clk 0:01:11]} 44. fxe3 {[%clk 0:00:32]}  Bc5 {[%clk 0:01:11]} 45. e4 {[%clk 0:00:23]}  Bg1 {[%clk 0:01:07]} 46. Rh8 {[%clk 0:00:23]}  Bxh2 {[%clk 0:01:07]} 47. Rxh3 {[%clk 0:00:23]}  Bg1 {[%clk 0:01:05]} 48. Kb3 {[%clk 0:00:23]} 1-0

[Event "April 9 Late 2024"]
[Site "Chess.com"]
[Date "2024.04.09"]
[Round "5"]
[White "Play, Gilles"]
[Black "Kadric, Denis"]
[Result "0-1"]
[Board "44"]
[WhiteFideId "45130892"]
[BlackFideId "14403803"]
[BlackTitle "GM"]
[WhiteElo "2557"]
[BlackElo "2827"]
[WhiteTeam "FRA"]
[BlackTeam "MNE"]
[WhiteClock "0:00:00"]
[BlackClock "0:00:59"]
[Variant "Standard"]

1. e4 {[%clk 0:03:00]}  d6 {[%clk 0:03:00]} 2. d4 {[%clk 0:03:00]}  Nf6 {[%clk 0:02:59]} 3. Nc3 {[%clk 0:03:00]}  Nbd7 {[%clk 0:02:58]} 4. Nf3 {[%clk 0:02:53]}  e5 {[%clk 0:02:58]} 5. Rg1 {[%clk 0:02:53]}  c6 {[%clk 0:02:57]} 6. g4 {[%clk 0:02:48]}  h6 {[%clk 0:02:57]} 7. Be3 {[%clk 0:02:47]}  Be7 {[%clk 0:02:52]} 8. Qd2 {[%clk 0:02:44]}  Qc7 {[%clk 0:02:43]} 9. h4 {[%clk 0:02:35]}  Nf8 {[%clk 0:02:42]} 10. g5 {[%clk 0:02:14]}  hxg5 {[%clk 0:02:43]} 11. Bxg5 {[%clk 0:01:55]}  Ne6 {[%clk 0:02:37]} 12. O-O-O {[%clk 0:01:06]}  Nxg5 {[%clk 0:02:27]} 13. Nxg5 {[%clk 0:00:59]}  b5 {[%clk 0:02:17]} 14. f4 {[%clk 0:00:21]}  a6 {[%clk 0:02:09]} 15. dxe5 {[%clk 0:00:15]}  dxe5 {[%clk 0:02:09]} 16. fxe5 {[%clk 0:00:15]}  Qxe5 {[%clk 0:02:04]} 17. Nf3 {[%clk 0:00:15]}  Qh5 {[%clk 0:01:59]} 18. e5 {[%clk 0:00:07]}  Ng4 {[%clk 0:01:29]} 19. Bg2 {[%clk 0:00:04]}  O-O {[%clk 0:01:12]} 20. Ne4 {[%clk 0:00:04]}  Bf5 {[%clk 0:01:09]} 21. Ng3 {[%clk 0:00:04]}  Qh7 {[%clk 0:01:04]} 22. Ng5 {[%clk 0:00:00]}  Qxh4 {[%clk 0:00:59]} 0-1

[Event "April 9 Late 2024"]
[Site "Chess.com"]
[Date "2024.04.09"]
[Round "5"]
[White "Dziewonski, Dariusz"]
[Black "Onyshchuk, Volodymyr"]
[Result "0-1"]
[Board "45"]
[WhiteFideId "21835829"]
[BlackFideId "14114038"]
[WhiteTitle "FM"]
[BlackTitle "GM"]
[WhiteElo "2528"]
[BlackElo "2824"]
[WhiteTeam "POL"]
[BlackTeam "UKR"]
[WhiteClock "0:00:06"]
[BlackClock "0:01:15"]
[Variant "Standard"]

1. e4 {[%clk 0:03:00]}  d6 {[%clk 0:03:00]} 2. d4 {[%clk 0:03:01]}  g6 {[%clk 0:03:01]} 3. Nc3 {[%clk 0:03:01]}  Bg7 {[%clk 0:03:01]} 4. f4 {[%clk 0:03:02]}  Nf6 {[%clk 0:03:01]} 5. Nf3 {[%clk 0:03:02]}  O-O {[%clk 0:03:01]} 6. e5 {[%clk 0:03:03]}  dxe5 {[%clk 0:02:59]} 7. dxe5 {[%clk 0:03:04]}  Qxd1+ {[%clk 0:02:58]} 8. Nxd1 {[%clk 0:03:05]}  Nd5 {[%clk 0:02:56]} 9. Bc4 {[%clk 0:03:04]}  Nb6 {[%clk 0:02:52]} 10. Bb3 {[%clk 0:03:03]}  Nc6 {[%clk 0:02:51]} 11. Be3 {[%clk 0:03:03]}  Na5 {[%clk 0:02:48]} 12. Nf2 {[%clk 0:03:01]}  Nbc4 {[%clk 0:02:44]} 13. Bd4 {[%clk 0:02:45]}  Be6 {[%clk 0:02:31]} 14. O-O-O {[%clk 0:02:41]}  b6 {[%clk 0:02:29]} 15. Bc3 {[%clk 0:02:36]}  Nxb3+ {[%clk 0:02:19]} 16. axb3 {[%clk 0:02:36]}  Ne3 {[%clk 0:02:19]} 17. Rdg1 {[%clk 0:02:01]}  Bd5 {[%clk 0:02:18]} 18. Nh4 {[%clk 0:01:34]}  Bh6 {[%clk 0:02:05]} 19. Nh3 {[%clk 0:01:20]}  Rfd8 {[%clk 0:01:59]} 20. Bd2 {[%clk 0:01:17]}  Ng4 {[%clk 0:01:57]} 21. Rd1 {[%clk 0:01:11]}  a5 {[%clk 0:01:41]} 22. Nf3 {[%clk 0:00:56]}  a4 {[%clk 0:01:36]} 23. bxa4 {[%clk 0:00:54]}  Rxa4 {[%clk 0:01:36]} 24. b3 {[%clk 0:00:55]}  Ra1+ {[%clk 0:01:36]} 25. Kb2 {[%clk 0:00:55]}  Rxd1 {[%clk 0:01:36]} 26. Rxd1 {[%clk 0:00:55]}  Bxf3 {[%clk 0:01:36]} 27. gxf3 {[%clk 0:00:53]}  Ne3 {[%clk 0:01:36]} 28. Re1 {[%clk 0:00:45]}  Rxd2 {[%clk 0:01:36]} 29. Rxe3 {[%clk 0:00:46]}  Rxh2 {[%clk 0:01:36]} 30. Ng5 {[%clk 0:00:42]}  Rh4 {[%clk 0:01:26]} 31. e6 {[%clk 0:00:33]}  f6 {[%clk 0:01:25]} 32. Nf7 {[%clk 0:00:33]}  Bxf4 {[%clk 0:01:24]} 33. Rd3 {[%clk 0:00:20]}  Bd6 {[%clk 0:01:20]} 34. Rc3 {[%clk 0:00:17]}  Bc5 {[%clk 0:01:18]} 35. Rd3 {[%clk 0:00:17]}  Rd4 {[%clk 0:01:17]} 36. Rc3 {[%clk 0:00:10]}  h5 {[%clk 0:01:17]} 37. Kb1 {[%clk 0:00:06]}  Rd1+ {[%clk 0:01:15]} 38. Ka2 {[%clk 0:00:06]}  Bd4 {[%clk 0:01:15]} 39. Rxc7 {[%clk 0:00:06]}  Ra1# {[%clk 0:01:15]} 0-1

[Event "April 9 Late 2024"]
[Site "Chess.com"]
[Date "2024.04.09"]
[Round "5"]
[White "Mei, Austin"]
[Black "Sahakyan, Aleks"]
[Result "0-1"]
[Board "46"]
[WhiteFideId "30948479"]
[BlackFideId "13316338"]
[WhiteTitle "FM"]
[BlackTitle "FM"]
[WhiteElo "2514"]
[BlackElo "2813"]
[WhiteTeam "USA"]
[BlackTeam "ARM"]
[WhiteClock "0:00:00"]
[BlackClock "0:00:08"]
[Variant "Standard"]

1. e4 {[%clk 0:03:00]}  c5 {[%clk 0:02:59]} 2. Nf3 {[%clk 0:03:01]}  d6 {[%clk 0:03:00]} 3. d4 {[%clk 0:03:01]}  cxd4 {[%clk 0:03:01]} 4. Nxd4 {[%clk 0:03:02]}  Nf6 {[%clk 0:03:01]} 5. Nc3 {[%clk 0:03:03]}  a6 {[%clk 0:03:01]} 6. f3 {[%clk 0:03:02]}  e5 {[%clk 0:03:00]} 7. Nb3 {[%clk 0:03:02]}  Be6 {[%clk 0:03:01]} 8. Be3 {[%clk 0:03:03]}  Be7 {[%clk 0:03:01]} 9. Qd2 {[%clk 0:03:02]}  Nbd7 {[%clk 0:02:59]} 10. O-O-O {[%clk 0:03:03]}  O-O {[%clk 0:02:59]} 11. g4 {[%clk 0:03:03]}  b5 {[%clk 0:02:59]} 12. g5 {[%clk 0:03:03]}  Ne8 {[%clk 0:03:00]} 13. h4 {[%clk 0:02:56]}  Nb6 {[%clk 0:02:59]} 14. Nd5 {[%clk 0:02:49]}  Nxd5 {[%clk 0:02:53]} 15. exd5 {[%clk 0:02:50]}  Bf5 {[%clk 0:02:54]} 16. Na5 {[%clk 0:02:44]}  Nc7 {[%clk 0:02:45]} 17. Nc6 {[%clk 0:02:42]}  Qd7 {[%clk 0:02:45]} 18. Bd3 {[%clk 0:02:11]}  Bxd3 {[%clk 0:02:41]} 19. Qxd3 {[%clk 0:02:12]}  Rfc8 {[%clk 0:02:41]} 20. Na5 {[%clk 0:01:58]}  Bf8 {[%clk 0:02:32]} 21. h5 {[%clk 0:01:57]}  g6 {[%clk 0:02:33]} 22. hxg6 {[%clk 0:01:55]}  hxg6 {[%clk 0:02:31]} 23. Rh4 {[%clk 0:01:55]}  Bg7 {[%clk 0:02:29]} 24. f4 {[%clk 0:01:51]}  Re8 {[%clk 0:02:09]} 25. fxe5 {[%clk 0:01:50]}  Rxe5 {[%clk 0:02:09]} 26. Bd4 {[%clk 0:01:04]}  Qf5 {[%clk 0:01:32]} 27. Bxe5 {[%clk 0:01:02]}  Qxe5 {[%clk 0:01:26]} 28. Rb4 {[%clk 0:00:45]}  Qxg5+ {[%clk 0:01:22]} 29. Kb1 {[%clk 0:00:45]}  Re8 {[%clk 0:01:19]} 30. Re4 {[%clk 0:00:37]}  Rxe4 {[%clk 0:00:20]} 31. Qxe4 {[%clk 0:00:38]}  Qf6 {[%clk 0:00:21]} 32. c3 {[%clk 0:00:37]}  b4 {[%clk 0:00:19]} 33. Qc4 {[%clk 0:00:32]}  Qf5+ {[%clk 0:00:12]} 34. Ka1 {[%clk 0:00:26]}  Qc2 {[%clk 0:00:09]} 35. Qb3 {[%clk 0:00:12]}  Qxb3 {[%clk 0:00:06]} 36. axb3 {[%clk 0:00:06]}  bxc3 {[%clk 0:00:07]} 37. Nb7 {[%clk 0:00:04]}  cxb2+ {[%clk 0:00:07]} 38. Kb1 {[%clk 0:00:00]}  Nb5 {[%clk 0:00:08]} 0-1

[Event "April 9 Late 2024"]
[Site "Chess.com"]
[Date "2024.04.09"]
[Round "5"]
[White "Shirov, Alexei"]
[Black "Breuil, Tristan"]
[Result "1-0"]
[Board "47"]
[WhiteFideId "2209390"]
[BlackFideId "45163685"]
[WhiteTitle "GM"]
[BlackTitle "FM"]
[WhiteElo "2805"]
[BlackElo "2475"]
[WhiteTeam "ESP"]
[BlackTeam "FRA"]
[WhiteClock "0:01:01"]
[BlackClock "0:00:00"]
[Variant "Standard"]

1. e4 {[%clk 0:03:00]}  Nf6 {[%clk 0:02:59]} 2. e5 {[%clk 0:03:00]}  Nd5 {[%clk 0:02:59]} 3. d4 {[%clk 0:03:00]}  d6 {[%clk 0:03:00]} 4. c4 {[%clk 0:03:01]}  Nb6 {[%clk 0:02:59]} 5. f4 {[%clk 0:03:02]}  dxe5 {[%clk 0:02:55]} 6. fxe5 {[%clk 0:03:01]}  Bf5 {[%clk 0:02:55]} 7. Be3 {[%clk 0:03:00]}  Nc6 {[%clk 0:02:55]} 8. Nc3 {[%clk 0:02:58]}  e6 {[%clk 0:02:54]} 9. Nf3 {[%clk 0:02:57]}  Be7 {[%clk 0:02:55]} 10. Be2 {[%clk 0:02:55]}  O-O {[%clk 0:02:54]} 11. O-O {[%clk 0:02:54]}  f6 {[%clk 0:02:54]} 12. exf6 {[%clk 0:02:52]}  Bxf6 {[%clk 0:02:55]} 13. Qd2 {[%clk 0:02:47]}  Nb4 {[%clk 0:02:34]} 14. Rad1 {[%clk 0:02:40]}  Rc8 {[%clk 0:02:27]} 15. d5 {[%clk 0:02:20]}  exd5 {[%clk 0:02:07]} 16. cxd5 {[%clk 0:02:19]}  Bxc3 {[%clk 0:01:55]} 17. bxc3 {[%clk 0:02:18]}  N4xd5 {[%clk 0:01:50]} 18. Bc5 {[%clk 0:02:19]}  Re8 {[%clk 0:01:34]} 19. Nd4 {[%clk 0:02:04]}  Be4 {[%clk 0:01:08]} 20. Bg4 {[%clk 0:01:59]}  Nc4 {[%clk 0:00:50]} 21. Qf2 {[%clk 0:01:58]}  Ne5 {[%clk 0:00:26]} 22. Be6+ {[%clk 0:01:39]}  Kh8 {[%clk 0:00:20]} 23. Bxc8 {[%clk 0:01:31]}  Qxc8 {[%clk 0:00:20]} 24. Qf8+ {[%clk 0:01:09]}  Rxf8 {[%clk 0:00:20]} 25. Rxf8+ {[%clk 0:01:09]}  Qxf8 {[%clk 0:00:20]} 26. Bxf8 {[%clk 0:01:08]}  Nxc3 {[%clk 0:00:18]} 27. Re1 {[%clk 0:01:08]}  Nd3 {[%clk 0:00:04]} 28. Re3 {[%clk 0:01:08]}  Bg6 {[%clk 0:00:04]} 29. Re7 {[%clk 0:01:05]}  Nd5 {[%clk 0:00:02]} 30. Rd7 {[%clk 0:01:03]}  Nf6 {[%clk 0:00:00]} 31. Bxg7+ {[%clk 0:01:01]} 1-0

[Event "April 9 Late 2024"]
[Site "Chess.com"]
[Date "2024.04.09"]
[Round "5"]
[White "Svane, Rasmus"]
[Black "Kalavannan, Koby"]
[Result "0-1"]
[Board "52"]
[WhiteFideId "4657101"]
[BlackFideId "425753"]
[WhiteTitle "GM"]
[BlackTitle "FM"]
[WhiteElo "2894"]
[BlackElo "2635"]
[WhiteTeam "GER"]
[BlackTeam "ENG"]
[WhiteClock "0:00:00"]
[BlackClock "0:00:50"]
[Variant "Standard"]

1. Nf3 {[%clk 0:02:57]}  c5 {[%clk 0:03:00]} 2. c4 {[%clk 0:02:55]}  g6 {[%clk 0:02:58]} 3. d4 {[%clk 0:02:50]}  cxd4 {[%clk 0:02:58]} 4. Nxd4 {[%clk 0:02:51]}  Nc6 {[%clk 0:02:55]} 5. e4 {[%clk 0:02:49]}  Nf6 {[%clk 0:02:55]} 6. Nc3 {[%clk 0:02:48]}  d6 {[%clk 0:02:55]} 7. Be2 {[%clk 0:02:45]}  Nxd4 {[%clk 0:02:55]} 8. Qxd4 {[%clk 0:02:45]}  Bg7 {[%clk 0:02:56]} 9. Be3 {[%clk 0:02:43]}  O-O {[%clk 0:02:57]} 10. Qd3 {[%clk 0:02:41]}  a5 {[%clk 0:02:57]} 11. O-O {[%clk 0:02:36]}  a4 {[%clk 0:02:57]} 12. Bd4 {[%clk 0:02:29]}  Qa5 {[%clk 0:02:56]} 13. f4 {[%clk 0:02:18]}  Bg4 {[%clk 0:02:49]} 14. Bxg4 {[%clk 0:02:08]}  Nxg4 {[%clk 0:02:50]} 15. Bxg7 {[%clk 0:01:56]}  Kxg7 {[%clk 0:02:51]} 16. Qd4+ {[%clk 0:01:57]}  e5 {[%clk 0:02:51]} 17. Qd2 {[%clk 0:01:33]}  Qc5+ {[%clk 0:02:47]} 18. Kh1 {[%clk 0:01:32]}  Qxc4 {[%clk 0:02:47]} 19. h3 {[%clk 0:01:29]}  Nf6 {[%clk 0:02:44]} 20. Qxd6 {[%clk 0:01:02]}  Nxe4 {[%clk 0:02:30]} 21. Nxe4 {[%clk 0:00:41]}  Qxe4 {[%clk 0:02:30]} 22. fxe5 {[%clk 0:00:42]}  Ra6 {[%clk 0:02:27]} 23. Qe7 {[%clk 0:00:40]}  Kg8 {[%clk 0:02:16]} 24. Rae1 {[%clk 0:00:33]}  Qd5 {[%clk 0:02:01]} 25. a3 {[%clk 0:00:31]}  Re6 {[%clk 0:02:01]} 26. Qb4 {[%clk 0:00:31]}  Rxe5 {[%clk 0:01:46]} 27. Rxe5 {[%clk 0:00:28]}  Qxe5 {[%clk 0:01:47]} 28. Qxb7 {[%clk 0:00:27]}  Qd4 {[%clk 0:01:39]} 29. Qb5 {[%clk 0:00:16]}  Rd8 {[%clk 0:01:36]} 30. Qb7 {[%clk 0:00:16]}  Qc4 {[%clk 0:01:33]} 31. Re1 {[%clk 0:00:10]}  Rd2 {[%clk 0:01:28]} 32. Qb8+ {[%clk 0:00:10]}  Kg7 {[%clk 0:01:27]} 33. Qe5+ {[%clk 0:00:10]}  Kg8 {[%clk 0:01:27]} 34. Qf6 {[%clk 0:00:09]}  Qc8 {[%clk 0:01:21]} 35. Rf1 {[%clk 0:00:08]}  Qd7 {[%clk 0:01:17]} 36. Rf4 {[%clk 0:00:04]}  Rd1+ {[%clk 0:01:11]} 37. Kh2 {[%clk 0:00:04]}  Qc7 {[%clk 0:01:09]} 38. h4 {[%clk 0:00:03]}  Rf1 {[%clk 0:00:51]} 39. Kh3 {[%clk 0:00:00]}  Rxf4 {[%clk 0:00:50]} 0-1

[Event "April 9 Late 2024"]
[Site "Chess.com"]
[Date "2024.04.09"]
[Round "5"]
[White "Ticona Rocabado, Licael Roderick"]
[Black "Shuvalova, Polina"]
[Result "0-1"]
[Board "54"]
[WhiteFideId "3319113"]
[BlackFideId "24171760"]
[WhiteTitle "IM"]
[BlackTitle "IM"]
[WhiteElo "2628"]
[BlackElo "2802"]
[WhiteTeam "BOL"]
[BlackTeam "FID"]
[WhiteClock "0:00:07"]
[BlackClock "0:00:10"]
[Variant "Standard"]

1. e4 {[%clk 0:03:00]}  c6 {[%clk 0:02:58]} 2. d4 {[%clk 0:03:00]}  d5 {[%clk 0:02:58]} 3. exd5 {[%clk 0:03:01]}  cxd5 {[%clk 0:02:58]} 4. Nf3 {[%clk 0:03:02]}  Nc6 {[%clk 0:02:57]} 5. Bd3 {[%clk 0:03:01]}  Nb4 {[%clk 0:02:51]} 6. O-O {[%clk 0:02:58]}  Nxd3 {[%clk 0:02:49]} 7. Qxd3 {[%clk 0:02:59]}  Nf6 {[%clk 0:02:49]} 8. Bf4 {[%clk 0:02:58]}  e6 {[%clk 0:02:43]} 9. Re1 {[%clk 0:02:58]}  Be7 {[%clk 0:02:42]} 10. Nbd2 {[%clk 0:02:58]}  O-O {[%clk 0:02:42]} 11. c3 {[%clk 0:02:57]}  b6 {[%clk 0:02:38]} 12. Ne5 {[%clk 0:02:57]}  Bb7 {[%clk 0:02:38]} 13. Re3 {[%clk 0:02:56]}  Ne4 {[%clk 0:02:37]} 14. f3 {[%clk 0:02:52]}  Nd6 {[%clk 0:02:32]} 15. Rae1 {[%clk 0:02:50]}  a5 {[%clk 0:02:28]} 16. c4 {[%clk 0:02:08]}  dxc4 {[%clk 0:02:26]} 17. Nexc4 {[%clk 0:02:09]}  Nxc4 {[%clk 0:02:24]} 18. Nxc4 {[%clk 0:02:10]}  Rc8 {[%clk 0:02:19]} 19. b3 {[%clk 0:02:08]}  Ba6 {[%clk 0:02:11]} 20. R3e2 {[%clk 0:01:17]}  Bb4 {[%clk 0:01:52]} 21. Bd2 {[%clk 0:01:14]}  Be7 {[%clk 0:01:33]} 22. Be3 {[%clk 0:00:59]}  Bf6 {[%clk 0:01:32]} 23. Rc2 {[%clk 0:00:57]}  Qd5 {[%clk 0:01:30]} 24. Rec1 {[%clk 0:00:40]}  h6 {[%clk 0:01:22]} 25. Qd2 {[%clk 0:00:37]}  Bxc4 {[%clk 0:01:12]} 26. bxc4 {[%clk 0:00:37]}  Qf5 {[%clk 0:01:11]} 27. d5 {[%clk 0:00:31]}  exd5 {[%clk 0:01:06]} 28. Qxd5 {[%clk 0:00:32]}  Qg6 {[%clk 0:00:52]} 29. Bxb6 {[%clk 0:00:27]}  Bg5 {[%clk 0:00:51]} 30. Bxa5 {[%clk 0:00:11]}  Bxc1 {[%clk 0:00:48]} 31. Rxc1 {[%clk 0:00:12]}  Rc6 {[%clk 0:00:41]} 32. Bb4 {[%clk 0:00:06]}  Rfc8 {[%clk 0:00:41]} 33. c5 {[%clk 0:00:06]}  Qf6 {[%clk 0:00:29]} 34. Qd2 {[%clk 0:00:06]}  Rd8 {[%clk 0:00:24]} 35. Qc3 {[%clk 0:00:06]}  Qe6 {[%clk 0:00:23]} 36. a3 {[%clk 0:00:06]}  Qe2 {[%clk 0:00:18]} 37. Re1 {[%clk 0:00:06]}  Qa2 {[%clk 0:00:18]} 38. Qe3 {[%clk 0:00:05]}  Re6 {[%clk 0:00:18]} 39. Qc3 {[%clk 0:00:03]}  Rxe1+ {[%clk 0:00:17]} 40. Qxe1 {[%clk 0:00:04]}  Qc2 {[%clk 0:00:18]} 41. Qe3 {[%clk 0:00:02]}  Rd1+ {[%clk 0:00:18]} 42. Be1 {[%clk 0:00:02]}  Rc1 {[%clk 0:00:14]} 43. Kf1 {[%clk 0:00:02]}  Qc4+ {[%clk 0:00:13]} 44. Qe2 {[%clk 0:00:02]}  Qxc5 {[%clk 0:00:08]} 45. Qe8+ {[%clk 0:00:03]}  Qf8 {[%clk 0:00:08]} 46. Qe4 {[%clk 0:00:04]}  Qc8 {[%clk 0:00:06]} 47. h4 {[%clk 0:00:02]}  Qc4+ {[%clk 0:00:06]} 48. Qxc4 {[%clk 0:00:02]}  Rxc4 {[%clk 0:00:07]} 49. Kg1 {[%clk 0:00:02]}  Rc1 {[%clk 0:00:06]} 50. Kf1 {[%clk 0:00:02]}  Ra1 {[%clk 0:00:06]} 51. g4 {[%clk 0:00:02]}  Rxa3 {[%clk 0:00:07]} 52. Kg2 {[%clk 0:00:03]}  Ra2+ {[%clk 0:00:07]} 53. Kg3 {[%clk 0:00:03]}  Kh7 {[%clk 0:00:07]} 54. Bc3 {[%clk 0:00:03]}  Rc2 {[%clk 0:00:07]} 55. Bd4 {[%clk 0:00:04]}  Rc6 {[%clk 0:00:08]} 56. Be5 {[%clk 0:00:03]}  Re6 {[%clk 0:00:08]} 57. Bd4 {[%clk 0:00:03]}  h5 {[%clk 0:00:08]} 58. g5 {[%clk 0:00:02]}  Kg6 {[%clk 0:00:08]} 59. Kf4 {[%clk 0:00:03]}  Rc6 {[%clk 0:00:09]} 60. Be5 {[%clk 0:00:02]}  Rc4+ {[%clk 0:00:09]} 61. Kg3 {[%clk 0:00:03]}  Ra4 {[%clk 0:00:09]} 62. Bc3 {[%clk 0:00:02]}  Ra6 {[%clk 0:00:09]} 63. Bd4 {[%clk 0:00:02]}  f6 {[%clk 0:00:09]} 64. gxf6 {[%clk 0:00:02]}  gxf6 {[%clk 0:00:10]} 65. Be3 {[%clk 0:00:01]}  Kf5 {[%clk 0:00:11]} 66. Bd2 {[%clk 0:00:01]}  Ra4 {[%clk 0:00:11]} 67. Be3 {[%clk 0:00:02]}  Rc4 {[%clk 0:00:12]} 68. Bh6 {[%clk 0:00:02]}  Rc2 {[%clk 0:00:12]} 69. Be3 {[%clk 0:00:02]}  Rc3 {[%clk 0:00:12]} 70. Bh6 {[%clk 0:00:03]}  Rb3 {[%clk 0:00:13]} 71. Be3 {[%clk 0:00:03]}  Ke6 {[%clk 0:00:12]} 72. Bf4 {[%clk 0:00:03]}  Kd5 {[%clk 0:00:12]} 73. Bh6 {[%clk 0:00:04]}  Kd4 {[%clk 0:00:11]} 74. Kf4 {[%clk 0:00:04]}  Kd5 {[%clk 0:00:09]} 75. Bg7 {[%clk 0:00:03]}  Ke6 {[%clk 0:00:08]} 76. Bh6 {[%clk 0:00:03]}  Rb1 {[%clk 0:00:09]} 77. Kg3 {[%clk 0:00:03]}  Rg1+ {[%clk 0:00:09]} 78. Kf2 {[%clk 0:00:04]}  Rg6 {[%clk 0:00:09]} 79. Bd2 {[%clk 0:00:03]}  Ke5 {[%clk 0:00:09]} 80. Be3 {[%clk 0:00:03]}  f5 {[%clk 0:00:09]} 81. Bg5 {[%clk 0:00:03]}  f4 {[%clk 0:00:08]} 82. Ke2 {[%clk 0:00:02]}  Kf5 {[%clk 0:00:09]} 83. Be7 {[%clk 0:00:01]}  Re6+ {[%clk 0:00:09]} 84. Kf2 {[%clk 0:00:02]}  Rxe7 {[%clk 0:00:10]} 85. Kg2 {[%clk 0:00:03]}  Re2+ {[%clk 0:00:10]} 86. Kh3 {[%clk 0:00:04]}  Re3 {[%clk 0:00:10]} 87. Kg2 {[%clk 0:00:02]}  Ke5 {[%clk 0:00:10]} 88. Kf2 {[%clk 0:00:02]}  Kd4 {[%clk 0:00:10]} 89. Kg2 {[%clk 0:00:03]}  Kd3 {[%clk 0:00:10]} 90. Kh2 {[%clk 0:00:04]}  Rxf3 {[%clk 0:00:10]} 91. Kg2 {[%clk 0:00:04]}  Re3 {[%clk 0:00:11]} 92. Kf2 {[%clk 0:00:05]}  Ke4 {[%clk 0:00:11]} 93. Kg2 {[%clk 0:00:06]}  Kf5 {[%clk 0:00:11]} 94. Kh2 {[%clk 0:00:06]}  Kg4 {[%clk 0:00:10]} 95. Kg2 {[%clk 0:00:07]} 0-1